| 000 | 01193nam a2200277 i 4500 | ||
|---|---|---|---|
| 001 | 159437 | ||
| 003 | ES-MaACL | ||
| 005 | 20231228063237.0 | ||
| 008 | 950223s1885 sp |||| | spa d | ||
| 100 | 1 |
_aMenéndez y Pelayo, Marcelino, _d1856-1912 _980332 |
|
| 245 | 1 | 0 |
_aHoracio en España _b: solaces bibliográficos / _cde Marcelino Menéndez y Pelayo. |
| 250 | _a2ª ed., refundida. | ||
| 260 |
_aMadrid : _b[s.n.], _c1885 ( _fImp. de A. Pérez Dubrull) |
||
| 300 |
_a2 v. ; _c17 cm. |
||
| 490 | 1 |
_aColección de escritores castellanos ; _v27, 33. Críticos |
|
| 500 | _aÍndice de traductores. | ||
| 505 | 8 | _aContiene: I. Traductores y comentadores (LVIII, 353 p.) - II. La poesía horaciana (441 p.) | |
| 530 | _aDisponible en formato digital. | ||
| 597 | _aPort. con orla tip. a dos tintas. | ||
| 600 | 1 | 4 |
_aHoracio Flaco, Quinto- _xInfluencia. _9169534 |
| 650 | 4 |
_aLiteratura española- _xHistoria y crítica _914560 |
|
| 830 | 1 |
_aColección de escritores castellanos ; _v27, 33. Críticos _9180741 |
|
| 852 |
_aES-MaACL _jF-12642-43 _z- Enc. hol. |
||
| 856 |
_uhttp://bdh-rd.bne.es/viewer.vm?id=0000014966&page=1 _zBiblioteca Digital Hispánica |
||
| 999 |
_c159437 _d159437 |
||